000 00810nam a2200205 a 4500
005 20210219160306.0
008 081007s1985 mx r 000 0 spa d
020 _a9233023052
035 _aUPN01000162577
049 _aUNE
080 _a338:6 (7/8) ACT No.63.
245 0 0 _aActividades de la UNESCO en ciencia y tecnología en América Latina y el Caribe. --
260 _aParís :
_bUNESCO;
_aMontevideo, Uruguay:
_bROSTLAC,
_c1985.
300 _a80 p.
440 0 _a(Estudios y documentos de política científica; 63)
690 _aCiencia y tecnologia- Actividades cientificas-America Latina
690 _aPolitica cientifica- Programas cientificos- America Latina
710 2 _aROSTLAC. Oficina Regional de Ciencia y Tecnología de la UNESCO para América Latina y el Caribe.
905 _aUNESCO
999 _c134690
_d134690